Loading...
| Social Science | 0 | 3 | 0 | 0 | 30 | 68 | 76.33 | 1 | 2 | 10.48 | 20.83 |
| Science - Biology | 0 | 3 | 0 | 0 | 30 | 33 | 64.67 | 1 | 3 | 13.51 | 26.59 |
| Science - Physics | 0 | 2 | 0 | 0 | 20 | 80 | 93.00 | 0 | 0 | 4.54 | 10.83 |
| Science - Other | 0 | 2 | 0 | 0 | 20 | 61 | 65.50 | 1 | 1 | 8.19 | 16.67 |
| History - Other | 0 | 1 | 0 | 0 | 10 | 87 | 87.00 | 0 | 0 | 3.31 | 7.50 |
| History - World | 0 | 1 | 0 | 0 | 10 | 116 | 116.00 | 0 | 0 | 0.79 | 4.17 |
| Current Events | 0 | 1 | 0 | 1 | 10 | 129 | 129.00 | 0 | 0 | 0.00 | 4.17 |
| Fine Arts - Other | 0 | 1 | 0 | 0 | 10 | 130 | 130.00 | 0 | 0 | 1.10 | 5.00 |
| Fine Arts - Painting and Sculpture | 0 | 1 | 0 | 0 | 10 | 62 | 62.00 | 0 | 1 | 4.96 | 9.17 |
| History - American | 0 | 1 | 0 | 0 | 10 | 49 | 49.00 | 0 | 1 | 6.17 | 9.17 |
| History - European | 0 | 1 | 1 | 0 | 5 | 106 | 106.00 | 0 | 0 | 1.72 | 3.33 |
| Science - Chemistry | 0 | 0 | 1 | 0 | -5 | 0.00 | 0 | 0 | 0.00 | 0.00 | |
| Religion | 0 | 0 | 1 | 0 | -5 | 0.00 | 0 | 0 | 0.00 | 0.00 | |
| Philosophy | 0 | 0 | 1 | 0 | -5 | 0.00 | 0 | 0 | 0.00 | 0.00 |